000 00867nam a2200265Ia 4500
003 OSt
005 20220918171357.0
006 a|||||r|||| 00| 0
007 ta
008 220917b |||||||| |||| 00| 0 eng d
020 _a9781586485115 (hbk)
_c1355.57
024 _a240,098
037 _b27956, 07/07/2009, Segment Book Distributors
_cTextual
040 _aARTS
_cARTS
_beng
041 _2eng
_aeng
082 _aY:434:5.6, P9 (906)
100 _aThurow Roger
_936176
245 0 _aEnough
_b Why the world's poorest starve in an age of plenty
260 _aNew York
_bPublic Affaire U.S.A
_c2009
300 _axix, 301p.
_ccm.
650 _aSOCIOLOGY
700 _a Kilman Scott
_936177
942 _hY:434:5.6, P9 (906)
_cTEXL
_2CC
999 _c139278
_d139278